000 01026nam a2200313 4500
003 EG-GICUC
005 20260429131919.0
008 260429s1942 fr ||||fr|||| 00| 0 fre d
040 _aEG-GiCUC
_bfre
_cEG-GiCUC
_dEG-GiCUC
_eRda
041 _afre
_hfre
082 0 4 _221
_a341.9
_bAU . R
092 0 4 _221
099 _aLaw 11 341.9 AU . R 1942
100 1 _aRoederer, Pierre Louis
_eAuteur
245 1 2 _aMémoires sur la Révolution, le Consulat et l'Empire /
_cPar Roederer et Octave Aubry.
264 1 _aParis;
_bPlon,
_c1942.
300 _a273 page :
_billustration ;
_c 24 cm.
336 _2rda contenu
_a texte
337 _2rda medias
_aOrdinateur
338 _2 transporteur rda
_a Ressource en ligne
504 _aBibliography: pages 200-250. 240-220
546 _aTexte en français
650 1 _aDroit international public
_2qrmak
651 1 _2qrmak
700 1 _aAubry, Octave
_eCo-Auteur
856 4 0 _uhttps://fll.law.cu.edu.eg/fulltext/bks/B11-08436.pdf
905 _a31
942 _2ddc
_n0
_cBK
_e21
999 _c74206
_d74206